| 000 | 00507nam a2200181Ia 4500 | ||
|---|---|---|---|
| 999 |
_c34181 _d34181 |
||
| 003 | OSt | ||
| 005 | 20200909095842.0 | ||
| 008 | 190216s9999||||xx |||||||||||||| ||und|| | ||
| 020 | _a8178669242 | ||
| 040 | _coclc | ||
| 082 |
_a539.7 _bKUL/A |
||
| 100 |
_aKulkarni, V W _94508 |
||
| 245 | 0 |
_aAtomic And Nuclear Physics / _cV W Kulkarni |
|
| 260 |
_bHimalaya Publishing House _aMumbai: _c2008. |
||
| 300 | _a773p | ||
| 650 | _aPhysics | ||
| 942 |
_cBK _2ddc _h539.7 _iKUL/A _k539.7 _mKUL/A |
||